Vplyv logistiky na rozhodovanie o produkte so zameraním na pridanú hodnotu

Preprava a logistika ako súčasť celkového produktu. Tri úrovne produktu. Vzájomná súvislosť medzi logistikou a charakteristikou produktu. Konkurencia založená na čase.

Gespeichert in:
Bibliographische Detailangaben
1. Verfasser: Furdová, Lucia, 1984-
Format: Buchkapitel
Sprache:Slowakisch
Schlagworte:
Tags: Tag hinzufügen
Keine Tags, Fügen Sie das erste Tag hinzu!

MARC

LEADER 00000naa$a2200000$$$4500
001 0120303
005 20240502072340.6
041 0 |a slo 
044 |a SK 
245 1 0 |a Vplyv logistiky na rozhodovanie o produkte so zameraním na pridanú hodnotu  |c Lucia Furdová 
520 |a Preprava a logistika ako súčasť celkového produktu. Tri úrovne produktu. Vzájomná súvislosť medzi logistikou a charakteristikou produktu. Konkurencia založená na čase. 
610 2 0 |a preprava 
610 2 0 |a doprava 
610 2 0 |a logistika 
610 2 0 |a produkty 
610 2 0 |a čas 
610 2 0 |a kvalita 
610 2 0 |a trh 
610 2 0 |a konkurencia 
610 2 0 |a flexibilita 
610 2 0 |a hodnota pridaná 
100 1 |a Furdová, Lucia, 1984-